| 000 | 00552nam a2200217 i 4500 | ||
|---|---|---|---|
| 001 | bg | ||
| 100 | 1 | _aASTACHOV, A. V. | |
| 245 | 0 |
_aPole elektromagnetyczne / _cA. W. Astachow, J. M. Szirokow. T.2. |
|
| 260 |
_aWarszawa, _c1990. |
||
| 490 | 1 | _aKurs fizyki | |
| 650 | 9 | _aElektromagnetyzm | |
| 655 | _aPodręczniki akademickie | ||
| 700 | 1 | _aSIROKOV, Ju. M. | |
| 700 | 1 | _aAstachow, A. W. | |
| 700 | 1 | _aSzirokow, Ju. M. | |
| 830 | _aKurs fizyki | ||
| 040 | _cBPK | ||
| 041 | _apol | ||
| 942 | _cKS | ||
| 008 | s pl f |000 0 pol | ||
| 999 |
_c4196 _d4196 |
||
| 856 |
_uhttp://koha.tu.koszalin.pl/cgi-bin/koha/opac-detail.pl?biblionumber=4196 _yKatalog online BPK |
||